Unit 2 Physical Geography Vocab - Statistics

General Stats
  • This quiz has been taken 22 times
  • The average score is 10 of 15
Answer Stats
Hint Answer % Correct
if it is winter time above the equator it is __ below the equator summer
100%
long period of time without rain is called a drought
90%
the Philippines is a chain of islands or an archipelago
85%
funnel shape cloud that produces powerful winds and causes lots of destruction tornado
85%
conditions of the atmosphere over a long period of time is called climate
75%
elevated flat land is called a plateau
75%
a high latitude climate that also refers to frozen barren ground tundra
70%
a seasonal wind that impacts South Asia is called a monsoon
65%
the end of a river is called the river __ mouth
65%
hurricanes that impact countries in the Pacific are called a typhoon
65%
when you go up in __ like on a mountain the temperature drops elevation
50%
if you are near the equator it is warm most of the year because you are a __ latitude low
50%
the wet side of the mountain is called the __ side windward
50%
a narrow body of water that connects two larger bodies of water is called a strait
45%
name the ocean current that makes places in NW Europe moderate north atlantic drift
25%
No matching quizzes found
Score Distribution
Percent of People with Each Score
Percentile by Number Answered
Your Score History
You have not taken this quiz